000 00716nam a2200217 a 4500
001 000013123
005 20200929163139.0
008 091120s1995 pr a 000 j spa d
040 _aDO-SdBNP
_bspa
_cBNPHU
082 _aPR863.44
_bT693c
100 1 _aTorres, Daniel,
_d1961-
_97105
245 1 0 _aCabronerías o historias de tres cuerpos /
_cDaniel Torres.
260 _aSan Juan, Puerto Rico :
_bIsla Negra,
_c1995.
300 _a62 p. :
_bil. ;
_c22 cm.
490 1 _aEl cuerpo sin delito.
500 _aIncluye datos biográficos del autor en las solapas.
650 4 _aCuentos puertorriqueño
_930234
650 4 _aLiteratura puertorriqueño
_930235
830 0 _aEl cuerpo sin delito
_930236
049 _aBNPD
999 _c12765
_d12765